000 00333nam a2200145Ia 4500
005 20251222144907.0
008 251222s9999||||xx |||||||||||||| ||spa||
020 _a9972995402
082 _a711.4/L96
100 _aLudeƱa Urquizo, Wiley
245 0 _aTres Buenos Tigres:
250 _a1ra. Ed.
264 _bUrbles
942 _cLIB
999 _c22186
_d22186